| 000 | 00584nam a22001817a 4500 | ||
|---|---|---|---|
| 999 |
_c193777 _d193777 |
||
| 005 | 20221116105621.0 | ||
| 010 | _aENG-135693 | ||
| 020 |
_a9788183512879 _c195.00 |
||
| 035 | _aEN-119225 | ||
| 037 | _bDBAD/PUB | ||
| 082 | _a658.4 | ||
| 100 | _aSarma, D.A. Subramanya | ||
| 245 |
_aYou can play chess/ _cby D.A. Subramanya Sarma |
||
| 260 |
_aDaryaganj _bReem Publications pvt. ltd. _c2015 |
||
| 270 |
_a4787/23 Ansari road, Daryaganj _bNew Delhi _e110002 _k011-23262905 _mreempublications@gmail.com |
||
| 300 |
_a155p. _c21cm(pbk) |
||
| 942 |
_2ddc _cEN _mSAR _h658.4 |
||